Responses for Show #5387 - Tuesday, January 29, 2008

Contestants

[<< previous game]

Eugene Hung, a software engineer from San Jose, California

Andrew Sprouse, a historic preservationist from Durham, North Carolina

Melissa Prusi, a marketing writer originally from Negaunee, Michigan (whose 1-day cash winnings total $21,200)

[next game >>]

Jeopardy! Round responses

POETS & POETRY
TARZAN MOVIE REVIEW
COUNTRY OF BIRTH
HAIL TO THE CHIEF
TALKING SHOP
LET'S BUILD AN "ARK"
    $200 21
wine

Andrew
    $200 1
(Alex: [*]. Extra-terrestrial. Yes.)

E.T.

Melissa
    $200 6
Denmark

Melissa
    $200 16
(Andrew) Jackson

Eugene
    $200 26
a candy store

Andrew
    $200 11
trademarks

Andrew
    $400 22
Snowy

Melissa
    $400 2
Terms of Endearment

Andrew
    $400 7
(Andrew: What is Norway?)

Denmark

AndrewEugene
    $400 17
Lincoln

Eugene
    $400 27
a supermarket

Eugene
    $400 12
a spark plug

Andrew
    $1,000 23
(Melissa: Who is Byron?)

Sir Walter Scott

Melissa
    $600 3
(Alex: Tarzan say right!)

Field of Dreams

Andrew
    $600 8
(Eugene: What is France?)

Denmark

MelissaEugene
    $600 18
(Alex: Yeah, we'll accept that. His running mate, for [*].)

vice president

Melissa
    $600 28
gift cards

Andrew
    $600 13
embark

Melissa
    $800 24
Hell

Melissa
    $800 4
Chinatown

Melissa
    $800 9
(Andrew: What is Denmark?)

Sweden

MelissaAndrew
    $800 19
Harding

Eugene
    $800 29
jewelers

Andrew
    $800 14
Meadowlark

Melissa
    $1000 25
(Andrew: Who is Elizabeth Barrett Browning?)
(Melissa: Who is Emily Dickinson?)

Edna St. Vincent Millay

MelissaAndrew
Triple Stumper
    $1000 5
(Alex: Now Tarzan shut up.)

Silence of the Lambs

Melissa
    $1000 10
Denmark

Triple Stumper
    $1000 20
William Henry Harrison

Eugene
    $1000 30
remainders

Melissa
    $1000 15
quark

Eugene

Scores at the first commercial break (after clue 15):

Melissa Andrew Eugene
$5,000 $400 $800

Scores at the end of the Jeopardy! Round:

Melissa Andrew Eugene
$5,800 $1,200 $3,600

Double Jeopardy! Round responses

U.S. "C"ITIES
LITTLE LEAGUE
ART-IFICIAL
JUST PLANE FUN
FAMOUS AMERICANS
HOMOPHONES
    $400 1
Cincinnati

Eugene
    $400 23
the Little League World Series

Eugene
    $400 21
The Kiss

Eugene
    $400 6
747

Andrew
    $400 11
Jackie Kennedy

Andrew
    $400 16
lyre/liar

Melissa
    $800 2
Cheyenne

Eugene
    $800 27
parents

Eugene
    $800 22
Cleopatra's Needle

Andrew
    $800 7
Wichita

Eugene
    $800 12
(Alex: George and Ira.)

Gershwin

Eugene
    $800 17
(Andrew: Brooch?)

tax/tacks

MelissaAndrew
    $1200 3
Cape Canaveral

Andrew
    $1200 28
keystone

Andrew
    $1200 24
fishermen

Andrew
    $1200 8
Havana

Melissa
    $6,400 13
(James) McHenry

Eugene
    $1200 18
maize/maze

Melissa
    $1600 4
Colorado Springs

Andrew
    $1600 29
tee-ball

Eugene
    $1600 25
baroque

Triple Stumper
    $1600 9
ultralight

Andrew
    $1600 14
(Thomas) Nast

Melissa
    $1600 19
sine/sign

Melissa
    $2000 5
Corpus Christi

Melissa
    $2000 30
Keds

Eugene
    $2,500 26
(Andrew: Who was Georgia O'Keeffe?)

Mary Cassatt

Andrew
    $2000 10
Wiley Post

Triple Stumper
    $2000 15
William Proxmire

Triple Stumper
    $2000 20
dissent/descent

Melissa

Scores at the end of the Double Jeopardy! Round:

Melissa Andrew Eugene
$16,600 $6,300 $18,000

[wagering suggestions for these scores]

Final Jeopardy! Round responses

PUBLISHING
AndrewWho is Rand McNally?
$3,499
MelissaWho is Rand McNally?
$16,598
EugeneWho is IBM?
$15,201
Rand McNally

Final scores:

Melissa Andrew Eugene
$33,198 $9,799 $2,799
2-day champion: $54,398 2nd place: $2,000 3rd place: $1,000

Game dynamics:

Coryat scores:

Melissa Andrew Eugene
$17,600 $8,800 $12,800
20 R,
2 W
(including 1 DD)
16 R,
5 W
(including 1 DD)
17 R
(including 1 DD),
1 W

Combined Coryat: $39,200

[game clues] [game scores] [suggest correction]

Game tape date: 2007-10-29
The J! Archive is created by fans, for fans. Scraping, republication, monetization, and malicious use prohibited; this site may use cookies and collect identifying information. See terms. The Jeopardy! game show and all elements thereof, including but not limited to copyright and trademark thereto, are the property of Jeopardy Productions, Inc. and are protected under law. This website is not affiliated with, sponsored by, or operated by Jeopardy Productions, Inc. Join the discussion at JBoard.tv.